| 000 | 00479nam a2200181Ia 4500 | ||
|---|---|---|---|
| 003 | SGT | ||
| 020 | _a9788170088257 | ||
| 082 |
_a526.982 _bPUN |
||
| 100 | _aPunmia,B.C | ||
| 245 | _aSurveying III higher surveying | ||
| 260 |
_bLaxmi Publications (P) Ltd _aN.Delhi _c2005 |
||
| 300 | _a274p. | ||
| 650 | _aELECTRONIC ENGINEERING | ||
| 653 | _aFIELD ASTRONOMY,PHOTOGRAMMETRIC SURVEYING ,REMOTE SENSING , | ||
| 700 | _aJain,Arun K | ||
| 700 | _aJain,Ashok K | ||
| 942 |
_2ddc _cBK |
||
| 999 |
_c5186 _d5186 |
||